Poetas castellanos anteriores al siglo XV
Gorde:
| Formatua: | Liburua |
|---|---|
| Hizkuntza: | gaztelania |
| Argitaratua: |
Madrid
Atlas
1952
|
| Saila: | Biblioteca de Autores Españoles, 57
|
| Gaiak: | |
| Etiketak: |
Etiketa erantsi
Etiketarik gabe, Izan zaitez lehena erregistro honi etiketa jartzen!
|
MARC
| LEADER | 00000nam a2200000 a 4500 | ||
|---|---|---|---|
| 001 | UCX5566 | ||
| 003 | CL-VaPUC | ||
| 008 | 921127e19520000SP |||||||||||||||||spa|d | ||
| 082 | 0 | 4 | |a 861 |b POE |2 21 |
| 245 | 1 | 0 | |a Poetas castellanos anteriores al siglo XV |
| 300 | |a 599 p | ||
| 942 | |c BK | ||
| 945 | |d 19921127 00:00:00 | ||
| 260 | |a Madrid |b Atlas |c 1952 | ||
| 650 | 7 | |a POESIAS ESPAÑOLAS ANTERIOR A 1500 |2 CL-VaPUC |9 321859 | |
| 583 | |a last modification |c 19921127 00:00:00 |k Rodrigo Vera | ||
| 490 | 0 | |a Biblioteca de Autores Españoles, 57 | |
| 999 | |c 225781 |d 225779 | ||
| 952 | |0 0 |1 0 |4 0 |6 861_000000000000000_POE_1952 |7 0 |8 A |9 223596 |a FDOPOS |b FDOPOS |d 2019-11-15 |i 2924315 |o 861 POE 1952 |p 2924315 |r 2025-01-22 |w 2019-11-15 |y BK |k MLH | ||
| 952 | |0 0 |1 0 |4 0 |6 861_000000000000000_POE_1952 |7 0 |8 A |9 223597 |a FDOPOS |b FDOPOS |d 2019-11-15 |i 2924323 |o 861 POE 1952 |p 2924323 |r 2025-01-22 |w 2019-11-15 |y BK |k MLH | ||